000 00659nam a2200241Ia 4500
003 OSt
005 20221006143454.0
006 a|||||r|||| 00| 0
007 ta
008 221006b |||||||| |||| 00| 0 eng d
020 _c
_3.95(each)
024 _a9,052
037 _cTextual
040 _aEASL
_cEASL
_beng
041 _2eng
_aeng
082 _aR842, K7
100 _aMOORE Charles A Ed.
245 0 _aJapanese mind
_b Essentials of Japanese philosophy and culture
260 _aHonolulu
_bEast-West Center Press
_c1967
300 _a357p.
_ccm.
942 _hR842, K7
_cTEXL
_2CC
999 _c1077138
_d1077138